Célébrités en Mii - Statistiques

Statistiques générales
  • Ce quiz a été pris 8 753 fois
  • Le résultat moyen est 9 sur 15
Statistiques - réponses
Par images Réponse % Correct
François Hollande
97%
Barack Obama
96%
Donald Trump
93%
Michael Jackson
92%
Albert Einstein
87%
Johnny Depp
72%
Freddie Mercury
61%
Charlie Chaplin
60%
Vladimir Poutine
60%
Bruce Lee
54%
John Lennon
48%
Daft Punk
34%
Sylvester Stallone
16%
Lénine
7%
Kim Jong-Il
4%
Aucun quiz correspondant
Distribution des résultats
% des personnes avec chaque résultat
Percentile par nombre de réponses
Votre historique - résultats
Vous n’avez pas pris ce quiz